[Event "GER-ch Seniors 65 31st"]
[Site "Radebeul"]
[Date "2019.05.02"]
[Round "7"]
[White "Goldberg, Valerij"]
[Black "Mueller, Lutz"]
[Result "1/2-1/2"]
[WhiteElo "2117"]
[BlackElo "1985"]
[PlyCount "54"]
[EventDate "2019.04.26"]
[EventType "swiss"]
[EventRounds "9"]
[EventCountry "GER"]
[SourceTitle "CBM 190 Extra"]
[Source "ChessBase"]
[SourceDate "2019.07.15"]
[SourceVersion "1"]
[SourceVersionDate "2019.07.15"]
[SourceQuality "1"]

1. e4 g6 2. d4 Bg7 3. Nc3 d6 4. Be3 Nf6 5. f3 Nc6 6. Qd2 h5 7. h4 e5 8. dxe5 dxe5 9. Nd5 Nxd5 10. exd5 Nd4 11. Bg5 Qd6 12. c3 Nf5 13. Bb5+ Kf8 14. Nh3 f6 15. g4 hxg4 16. fxg4 Nxh4 17. Bxh4 Rxh4 18. Be2 Bd7 19. Qd3 e4 20. Qe3 Bh6 21. Qf2 Bg5 22. Rd1 Kg7 23. Qg2 Rah8 24. Rd4 e3 25. Kd1 b5 26. a3 a5 27. Kc2 Re8 1/2-1/2

[Event "GER-ch Seniors 65 31st"]
[Site "Radebeul"]
[Date "2019.04.30"]
[Round "5"]
[White "Goldberg, Valerij"]
[Black "Gerl, Hans Peter"]
[Result "1-0"]
[WhiteElo "2117"]
[BlackElo "1975"]
[PlyCount "63"]
[EventDate "2019.04.26"]
[EventType "swiss"]
[EventRounds "9"]
[EventCountry "GER"]
[SourceTitle "CBM 190 Extra"]
[Source "ChessBase"]
[SourceDate "2019.07.15"]
[SourceVersion "1"]
[SourceVersionDate "2019.07.15"]
[SourceQuality "1"]

1. e4 c5 2. Nf3 d6 3. d4 cxd4 4. Nxd4 Nf6 5. Nc3 a6 6. Bg5 e6 7. f4 Be7 8. Qf3 Nbd7 9. 0-0-0 Qc7 10. g4 b5 11. Bxf6 Nxf6 12. g5 Nd7 13. f5 Bxg5+ 14. Kb1 Ne5 15. Qh5 Qe7 16. Nxe6 Bxe6 17. fxe6 g6 18. exf7+ Kxf7 19. Qe2 Kg7 20. Nd5 Qd8 21. Qe1 Rf8 22. Be2 Bh4 23. Qb4 Bf2 24. Qd2 Bh4 25. Nf4 Qe7 26. Qd5 Kh8 27. Rhf1 Bg5 28. Ne6 Rxf1 29. Qxa8+ Rf8 30. Qxf8+ Qxf8 31. Nxf8 Kg7 32. Ne6+ 1-0

[Event "WchT Seniors 65"]
[Site "Radebeul"]
[Date "2016.06.28"]
[Round "3.4"]
[White "Goldberg, Valerij"]
[Black "Lehtosaari, Kalevi"]
[Result "1-0"]
[WhiteElo "2123"]
[BlackElo "1953"]
[PlyCount "104"]
[EventDate "2016.06.26"]
[EventType "team-swiss"]
[EventRounds "9"]
[EventCountry "GER"]
[SourceTitle "CBM 173 Extra"]
[Source "ChessBase"]
[SourceDate "2016.08.29"]
[SourceVersion "1"]
[SourceVersionDate "2016.08.29"]
[SourceQuality "1"]
[WhiteTeam "Stiftung BSW/DBAG"]
[BlackTeam "Turku"]
[WhiteTeamCountry "GER"]
[BlackTeamCountry "FIN"]

1. e4 e5 2. Nf3 Nf6 3. Nxe5 d6 4. Nf3 Nxe4 5. d4 d5 6. Bd3 Bd6 7. 0-0 0-0 8. c4 c6 9. cxd5 cxd5 10. Nc3 Nf6 11. Bg5 Be6 12. Qb3 b6 13. Nb5 Nc6 14. Bxh7+ Kxh7 15. Qc2+ Kg8 16. Qxc6 Be7 17. Qc7 a6 18. Qxd8 Bxd8 19. Bxf6 gxf6 20. Nc3 Rc8 21. h3 b5 22. a3 Ba5 23. Rac1 Rfe8 24. Nd2 b4 25. axb4 Bxb4 26. Ndb1 Kg7 27. Rcd1 Rb8 28. f4 f5 29. Rd3 Rec8 30. Rf2 Rb7 31. g4 fxg4 32. f5 Bd7 33. hxg4 Bb5 34. Re3 Bc4 35. g5 Rcb8 36. Nd2 Bd6 37. Nxc4 dxc4 38. Ree2 Rh8 39. Ne4 Bb4 40. Rf4 Rh3 41. Kg2 Rd3 42. Nf2 Rd7 43. Nxd3 cxd3 44. Ree4 Rc7 45. d5 Rc2+ 46. Rf2 d2 47. Rd4 Rxb2 48. d6 Ba5 49. d7 Rb8 50. Re2 Kf8 51. f6 Rd8 52. Ra4 Bc3 1-0

[Event "EU-chT Seniors 15th"]
[Site "Dresden"]
[Date "2013.07.27"]
[Round "8"]
[White "Winiwarter, Felix"]
[Black "Goldberg, Valerij"]
[Result "0-1"]
[WhiteElo "2167"]
[BlackElo "2150"]
[PlyCount "117"]
[EventDate "2013.07.20"]
[EventType "team-swiss"]
[EventRounds "9"]
[EventCountry "GER"]
[SourceTitle "CBM 155 Extra"]
[Source "ChessBase"]
[SourceDate "2013.08.26"]
[SourceVersion "1"]
[SourceVersionDate "2013.08.26"]
[SourceQuality "1"]
[WhiteTeam "Austria"]
[BlackTeam "Dresden Lokomotiv"]
[WhiteTeamCountry "AUT"]
[BlackTeamCountry "GER"]

1. e4 e5 2. Nf3 Nc6 3. Bb5 a6 4. Ba4 Nf6 5. 0-0 b5 6. Bb3 Bc5 7. c3 Bb6 8. d4 Qe7 9. d5 Na5 10. Bc2 d6 11. Nbd2 0-0 12. b4 Nb7 13. a4 Bd7 14. Re1 a5 15. axb5 Bxb5 16. h3 axb4 17. Rxa8 Rxa8 18. cxb4 Qd7 19. Nf1 Ra1 20. Qd2 Qc8 21. Ne3 Bd7 22. Qc3 Ra8 23. Nc4 Ba7 24. Be3 Bxe3 25. Nxe3 g6 26. Nc4 Ne8 27. Bb3 f6 28. Rc1 Nd8 29. Na5 Kg7 30. Qd2 Qa6 31. Ne1 Bb5 32. h4 Qb6 33. h5 Bd7 34. Nc4 Qb7 35. Kh2 Nf7 36. hxg6 hxg6 37. Nd3 f5 38. f3 fxe4 39. fxe4 Nf6 40. Nf2 Rh8+ 41. Kg1 Qa7 42. Qe3 Qb8 43. Nd2 Ne8 44. Nd3 Qd8 45. Qg3 Bb5 46. Bc4 Bxc4 47. Nxc4 Qa8 48. Qe3 Nf6 49. Nf2 Rb8 50. Nd2 Rxb4 51. Rxc7 Qa1+ 52. Kh2 Rb8 53. Nc4 Ne8 54. Re7 Qd4 55. Qxd4 exd4 56. e5 dxe5 57. Nxe5 Ned6 58. Nfd3 Rh8+ 59. Kg3 0-1

[Event "EU-chT Seniors 15th"]
[Site "Dresden"]
[Date "2013.07.26"]
[Round "7"]
[White "Holscher, Peter AC"]
[Black "Goldberg, Valerij"]
[Result "1/2-1/2"]
[WhiteElo "2085"]
[BlackElo "2150"]
[PlyCount "87"]
[EventDate "2013.07.20"]
[EventType "team-swiss"]
[EventRounds "9"]
[EventCountry "GER"]
[SourceTitle "CBM 155 Extra"]
[Source "ChessBase"]
[SourceDate "2013.08.26"]
[SourceVersion "1"]
[SourceVersionDate "2013.08.26"]
[SourceQuality "1"]
[WhiteTeam "Netherlands"]
[BlackTeam "Dresden Lokomotiv"]
[WhiteTeamCountry "NED"]
[BlackTeamCountry "GER"]

1. Nf3 Nf6 2. b3 g6 3. Bb2 Bg7 4. c4 b6 5. g3 Bb7 6. Bg2 0-0 7. 0-0 e6 8. d3 d5 9. Nbd2 Nbd7 10. Qc2 c5 11. Ne5 Qc7 12. Nxd7 Qxd7 13. Be5 Ng4 14. Bxg7 Kxg7 15. Qb2+ d4 16. Bxb7 Qxb7 17. b4 Qc7 18. Rab1 Rab8 19. Qa3 Nf6 20. Rb3 Nd7 21. Nf3 e5 22. Rfb1 f6 23. Qc1 Qc6 24. Ra3 Ra8 25. Nd2 cxb4 26. Rxb4 Nc5 27. Nb3 Nxb3 28. Raxb3 Rf7 29. Rb5 Rc8 30. f3 Re7 31. Qa3 Rd7 32. Qb4 Qd6 33. a4 Qxb4 34. R3xb4 Rcc7 35. Kf2 Kf7 36. Ke1 Ke6 37. Kd2 h5 38. a5 bxa5 39. Rxa5 Rb7 40. Rab5 Rxb5 41. Rxb5 Rd6 42. Ra5 a6 43. Kc2 Rb6 44. Rd5 1/2-1/2

[Event "EU-chT Seniors 15th"]
[Site "Dresden"]
[Date "2013.07.24"]
[Round "5"]
[White "Goldberg, Valerij"]
[Black "Wood, Peter R"]
[Result "1/2-1/2"]
[WhiteElo "2150"]
[BlackElo "1951"]
[PlyCount "132"]
[EventDate "2013.07.20"]
[EventType "team-swiss"]
[EventRounds "9"]
[EventCountry "GER"]
[SourceTitle "CBM 155 Extra"]
[Source "ChessBase"]
[SourceDate "2013.08.26"]
[SourceVersion "1"]
[SourceVersionDate "2013.08.26"]
[SourceQuality "1"]
[WhiteTeam "Dresden Lokomotiv"]
[BlackTeam "England III"]
[WhiteTeamCountry "GER"]
[BlackTeamCountry "ENG"]

1. e4 e6 2. d4 d5 3. Nc3 Nf6 4. e5 Ng8 5. f4 Nh6 6. Be3 Nf5 7. Bf2 h5 8. Be2 g6 9. Nf3 Be7 10. Qd2 b6 11. 0-0-0 Ba6 12. h3 h4 13. Kb1 Qc8 14. Ng5 Bxe2 15. Nxe2 Qa6 16. c4 Nc6 17. cxd5 Nb4 18. Nc3 Bxg5 19. fxg5 Nxd5 20. Nxd5 exd5 21. Rc1 0-0-0 22. Rc3 Rd7 23. Rhc1 Kb8 24. Qc2 Rc8 25. Rc6 Qb7 26. e6 fxe6 27. Rxe6 Rd6 28. Rce1 a5 29. Rf6 Qa6 30. Rxf5 gxf5 31. Bxh4 Qc4 32. Qxc4 dxc4 33. Bf2 Kb7 34. Re5 Rcd8 35. Rxf5 c5 36. dxc5 Rd1+ 37. Kc2 R1d2+ 38. Kc3 b5 39. Rf7+ Kc6 40. Rf6+ Kc7 41. Bg3+ Kb7 42. Rb6+ Ka7 43. Rd6 Rd3+ 44. Kc2 Rxg3 45. Rxd8 Rxg2+ 46. Kc1 Rxg5 47. Rd7+ Kb8 48. c6 b4 49. h4 Rg1+ 50. Rd1 Rg6 51. h5 Rxc6 52. Rh1 Rh6 53. Rh4 Kb7 54. Kd2 Kb6 55. Ke3 Kc5 56. Ke4 a4 57. Rh3 c3 58. bxc3 b3 59. axb3 axb3 60. Rh2 Kc4 61. Kf4 Kxc3 62. Kg5 Rh8 63. h6 b2 64. Rxb2 Kxb2 65. Kg6 Kc3 66. h7 Rxh7 1/2-1/2

[Event "GER-ch Seniors"]
[Site "Dresden"]
[Date "2012.08.14"]
[Round "6"]
[White "Goldberg, Valerij"]
[Black "Kahn, Peter"]
[Result "1/2-1/2"]
[WhiteElo "2143"]
[BlackElo "2099"]
[PlyCount "23"]
[EventDate "2012.08.09"]
[EventType "swiss"]
[EventRounds "9"]
[EventCountry "GER"]
[SourceTitle "EXT 2014"]
[Source "ChessBase"]
[SourceDate "2013.11.20"]
[SourceVersion "1"]
[SourceVersionDate "2013.11.20"]
[SourceQuality "1"]

1. e4 e5 2. Nf3 Nc6 3. Bc4 Nf6 4. d3 Be7 5. Nbd2 d6 6. c3 0-0 7. Nf1 Na5 8. Bb5 a6 9. Ba4 b5 10. Bc2 c5 11. Ne3 Nc6 12. 0-0 1/2-1/2

[Event "EU-chT Seniors 12th"]
[Site "Dresden"]
[Date "2010.02.13"]
[Round "4"]
[White "Goldberg, Valerij"]
[Black "Lieb, Harald"]
[Result "0-1"]
[WhiteElo "2141"]
[BlackElo "2249"]
[PlyCount "78"]
[EventDate "2010.02.10"]
[EventType "team-swiss"]
[EventRounds "9"]
[EventCountry "GER"]
[SourceTitle "CBM 134 Extra"]
[Source "ChessBase"]
[SourceDate "2010.03.03"]
[SourceVersion "1"]
[SourceVersionDate "2010.03.03"]
[SourceQuality "1"]
[WhiteTeam "Dresden Lokomotiv (Seniors)"]
[BlackTeam "Berlin (Seniors)"]
[WhiteTeamCountry "GER"]
[BlackTeamCountry "GER"]

1. e4 e6 2. d4 d5 3. Nc3 Nf6 4. Bg5 dxe4 5. Nxe4 Be7 6. Nxf6+ gxf6 7. Bf4 b6 8. Bb5+ Bd7 9. Bxd7+ Nxd7 10. Nf3 Rg8 11. Qd3 f5 12. Qb5 Bd6 13. Bxd6 cxd6 14. g3 Qc7 15. 0-0-0 a6 16. Qd3 Nf6 17. Rhe1 Kf8 18. Re2 b5 19. Kb1 Rc8 20. Nd2 Nd5 21. Rc1 Nb6 22. Qa3 Kg7 23. Qxa6 Qc6 24. Qa3 Ra8 25. Qb3 Ra4 26. c3 Rc8 27. Rce1 Nc4 28. Qc2 Rca8 29. Nxc4 bxc4 30. a3 Qb7 31. Kc1 R4a5 32. Kd2 Rb5 33. Ke3 Rb8 34. Rb1 e5 35. Rd2 exd4+ 36. Rxd4 Re8+ 37. Kd2 Rbe5 38. Kc1 Re1+ 39. Rd1 Qh1 0-1

[Event "EU-chT Seniors 12th"]
[Site "Dresden"]
[Date "2010.02.12"]
[Round "3"]
[White "Goldberg, Valerij"]
[Black "Krebs, Dietmar"]
[Result "0-1"]
[WhiteElo "2141"]
[BlackElo "2123"]
[PlyCount "118"]
[EventDate "2010.02.10"]
[EventType "team-swiss"]
[EventRounds "9"]
[EventCountry "GER"]
[SourceTitle "CBM 134 Extra"]
[Source "ChessBase"]
[SourceDate "2010.03.03"]
[SourceVersion "1"]
[SourceVersionDate "2010.03.03"]
[SourceQuality "1"]
[WhiteTeam "Dresden Lokomotiv (Seniors)"]
[BlackTeam "Rheinland Mattadore Seniors"]
[WhiteTeamCountry "GER"]
[BlackTeamCountry "GER"]

1. e4 c5 2. Nf3 d6 3. d4 cxd4 4. Nxd4 Nf6 5. Nc3 a6 6. Be2 e5 7. Nb3 Be7 8. Bg5 Be6 9. Bxf6 Bxf6 10. Qd3 Qc7 11. 0-0-0 Be7 12. Nd5 Bxd5 13. exd5 Nd7 14. Kb1 0-0 15. g4 Bg5 16. h4 Bf4 17. Qe4 Rac8 18. Bd3 g6 19. Qg2 a5 20. a3 a4 21. Nc1 Nc5 22. f3 Bxc1 23. Kxc1 Nxd3+ 24. Rxd3 Qc4 25. Kb1 Rc5 26. Rhd1 Rfc8 27. Rc3 Qf4 28. Rxc5 Rxc5 29. h5 b5 30. hxg6 fxg6 31. Rd3 b4 32. axb4 Qxb4 33. Qd2 Qxd2 34. Rxd2 Kg7 35. g5 h6 36. gxh6+ Kxh6 37. Ka2 Kg5 38. b4 axb3+ 39. Kxb3 Kf4 40. Rd3 g5 41. c4 Rc8 42. Kb4 Rb8+ 43. Kc3 e4 44. fxe4 Kxe4 45. Rd1 g4 46. Re1+ Kf3 47. Re6 Rd8 48. Rf6+ Ke4 49. Re6+ Kf5 50. Kd4 g3 51. Re1 g2 52. c5 dxc5+ 53. Kxc5 Rg8 54. Rg1 Ke5 55. d6 Ke6 56. Kc6 Rc8+ 57. Kb5 Rc2 58. Kb4 Kxd6 59. Kb3 Rf2 0-1

[Event "GER-ch Seniors 21st"]
[Site "Dresden"]
[Date "2009.08.07"]
[Round "6"]
[White "Goldberg, Valerij"]
[Black "Bernhoeft, Erhard"]
[Result "1/2-1/2"]
[WhiteElo "2169"]
[BlackElo "2005"]
[PlyCount "94"]
[EventDate "2009.08.03"]
[EventType "swiss"]
[EventRounds "9"]
[EventCountry "GER"]
[SourceTitle "CBM 131 Extra"]
[Source "ChessBase"]
[SourceDate "2009.09.03"]
[SourceVersion "2"]
[SourceVersionDate "2009.09.16"]
[SourceQuality "1"]

1. e4 c5 2. Nf3 Nc6 3. d4 cxd4 4. Nxd4 Qb6 5. Nb3 Nf6 6. Nc3 e6 7. Bd3 Be7 8. 0-0 d6 9. Be3 Qc7 10. f4 Nb4 11. Qf3 Nxd3 12. cxd3 Qd7 13. g4 h5 14. g5 Ng8 15. Rac1 b6 16. Rc2 Ba6 17. Bd2 Rc8 18. Rfc1 Bd8 19. f5 Ne7 20. Nd4 Nc6 21. Nxc6 Rxc6 22. b4 Rc8 23. a4 Bb7 24. Nb5 Rxc2 25. Rxc2 a6 26. Nd4 e5 27. Ne2 Qxa4 28. Rc1 Qa2 29. Be3 Qb2 30. Ng3 g6 31. d4 h4 32. fxg6 fxg6 33. Rf1 Qb3 34. d5 Kd7 35. Ne2 Be7 36. Qg4+ Ke8 37. Bxb6 Rh5 38. Qe6 Rxg5+ 39. Kh1 Qc2 40. Qf7+ Kd7 41. Qf3 Bxd5 42. exd5 Rf5 43. Qg2 h3 44. Qxh3 Qxe2 45. Rxf5 gxf5 46. Qxf5+ Ke8 47. Qg6+ Kd7 1/2-1/2

[Event "GER-ch Seniors 21st"]
[Site "Dresden"]
[Date "2009.08.03"]
[Round "1"]
[White "Hellwege, Werner"]
[Black "Goldberg, Valerij"]
[Result "1-0"]
[WhiteElo "1987"]
[BlackElo "2169"]
[PlyCount "103"]
[EventDate "2009.08.03"]
[EventType "swiss"]
[EventRounds "9"]
[EventCountry "GER"]
[SourceTitle "CBM 131 Extra"]
[Source "ChessBase"]
[SourceDate "2009.09.03"]
[SourceVersion "2"]
[SourceVersionDate "2009.09.16"]
[SourceQuality "1"]

1. d4 Nf6 2. Nf3 b6 3. g3 Bb7 4. Bg2 g6 5. 0-0 Bg7 6. c4 0-0 7. Nc3 e6 8. Qc2 Na6 9. e4 d5 10. cxd5 exd5 11. e5 Ne4 12. Be3 c5 13. Rfd1 Nxc3 14. bxc3 c4 15. a4 Nc7 16. Qd2 Ne6 17. Bh6 Bc6 18. Bxg7 Kxg7 19. Rf1 Qd7 20. Qc2 Rfb8 21. Bh3 a5 22. Ng5 h6 23. Nxe6+ fxe6 24. f4 b5 25. axb5 Bxb5 26. g4 Qe7 27. f5 Qh4 28. f6+ Kf7 29. Qg2 Bd7 30. Rf3 Qg5 31. Rg3 Rb3 32. Qf2 a4 33. Bf1 Rab8 34. Qe3 Qxe3+ 35. Rxe3 g5 36. Kf2 Rb2+ 37. Re2 R8b3 38. Rxb2 Rxb2+ 39. Be2 Be8 40. Ke1 Rc2 41. Ra3 Kg6 42. h3 Rc1+ 43. Bd1 Rb1 44. Kd2 Kf7 45. Bxa4 Bxa4 46. Rxa4 Rb2+ 47. Ke1 Rh2 48. Ra7+ Kf8 49. Re7 Rxh3 50. Rxe6 Rxc3 51. Rd6 Rg3 52. e6 1-0

[Event "Sachsen-ch Seniors op 17th"]
[Site "Dresden"]
[Date "2009.02.09"]
[Round "1"]
[White "Groschup, Gerhard"]
[Black "Goldberg, Valerij"]
[Result "0-1"]
[WhiteElo "1855"]
[BlackElo "2119"]
[PlyCount "78"]
[EventDate "2009.02.09"]
[EventType "swiss"]
[EventRounds "9"]
[EventCountry "GER"]
[SourceTitle "EXT 2022"]
[Source "ChessBase"]
[SourceDate "2021.10.06"]
[SourceVersion "1"]
[SourceVersionDate "2021.10.06"]
[SourceQuality "1"]

1. d4 Nf6 2. c4 e6 3. Nf3 c5 4. d5 exd5 5. cxd5 d6 6. Nc3 g6 7. e4 Bg7 8. Bd3 0-0 9. 0-0 Bg4 10. h3 Bxf3 11. Qxf3 a6 12. a4 Nbd7 13. Bf4 Ne8 14. Qe2 Ne5 15. Bc4 Nc7 16. Be3 Qe7 17. Ba2 Rfb8 18. Rac1 b5 19. a5 Nd7 20. Bb1 b4 21. Na2 Nb5 22. Rcd1 Qd8 23. f4 Qxa5 24. g4 b3 25. Nc1 Nd4 26. Qd3 Qb6 27. Rd2 a5 28. Ne2 Nxe2+ 29. Rxe2 a4 30. Ref2 Bxb2 31. Rxb2 a3 32. Qc3 axb2 33. Qxb2 Qd8 34. e5 Qh4 35. Kg2 Qe7 36. Bd2 dxe5 37. Bc3 f6 38. g5 Qd6 39. gxf6 exf4 0-1

[Event "EU-chT Seniors 10th"]
[Site "Dresden"]
[Date "2008.02.15"]
[Round "5.2"]
[White "Svensson, Leif"]
[Black "Goldberg, Valerij"]
[Result "0-1"]
[WhiteElo "2179"]
[BlackElo "2106"]
[PlyCount "100"]
[EventDate "2008.02.11"]
[EventType "team-swiss"]
[EventRounds "9"]
[EventCountry "GER"]
[SourceTitle "CBM 122 Extra"]
[Source "ChessBase"]
[SourceDate "2008.03.04"]
[SourceVersion "1"]
[SourceVersionDate "2008.03.04"]
[SourceQuality "1"]
[WhiteTeam "Sweden"]
[BlackTeam "Dresden Lokomotiv"]
[WhiteTeamCountry "SWE"]
[BlackTeamCountry "GER"]

1. d4 Nf6 2. Nc3 d5 3. Bg5 Nbd7 4. Qd3 e6 5. e4 dxe4 6. Nxe4 Be7 7. Bxf6 Nxf6 8. Nf3 b6 9. Ne5 Bb7 10. Qb5+ Kf8 11. Ng5 Qxd4 12. Nexf7 Bb4+ 13. c3 Bxc3+ 14. bxc3 Qxc3+ 15. Ke2 Qxa1 16. Nxh8 Qxa2+ 17. Kd1 Rd8+ 18. Bd3 c6 19. Nxh7+ Nxh7 20. Ng6+ Ke8 21. Qb4 Rxd3+ 22. Kc1 Qa3+ 23. Qxa3 Rxa3 24. Kb2 Ra5 25. Re1 Bc8 26. f4 Rd5 27. Kc3 Nf8 28. Ne5 Nd7 29. Nd3 Kf7 30. g4 a5 31. Nf2 Nc5 32. h4 b5 33. g5 b4+ 34. Kc2 b3+ 35. Kc3 Ba6 36. Ra1 a4 37. Ng4 Bb5 38. Ne5+ Kg8 39. h5 Ne4+ 40. Kb4 Rd4+ 41. Ka3 Nd6 42. g6 Nc4+ 43. Nxc4 Bxc4 44. Re1 Rxf4 45. Kxa4 Bd5+ 46. Ka3 Rh4 47. Kb2 Rxh5 48. Ra1 Rh2+ 49. Kc3 Rc2+ 50. Kd3 Ra2 0-1

[Event "EU-chT Seniors 10th"]
[Site "Dresden"]
[Date "2008.02.14"]
[Round "4.2"]
[White "Goldberg, Valerij"]
[Black "Kristiansen, Erling"]
[Result "1-0"]
[WhiteElo "2106"]
[BlackElo "2253"]
[PlyCount "115"]
[EventDate "2008.02.11"]
[EventType "team-swiss"]
[EventRounds "9"]
[EventCountry "GER"]
[SourceTitle "CBM 122 Extra"]
[Source "ChessBase"]
[SourceDate "2008.03.04"]
[SourceVersion "1"]
[SourceVersionDate "2008.03.04"]
[SourceQuality "1"]
[WhiteTeam "Dresden Lokomotiv"]
[BlackTeam "Norway"]
[WhiteTeamCountry "GER"]
[BlackTeamCountry "NOR"]

1. e4 e5 2. Nf3 Nc6 3. Bc4 Nf6 4. d3 Bc5 5. c3 Qe7 6. b4 Bb6 7. a4 a6 8. Qb3 d6 9. Bg5 h6 10. Bh4 g5 11. Bg3 Nh5 12. Nbd2 Nf4 13. 0-0 Rg8 14. a5 Ba7 15. b5 Nd8 16. b6 Bb8 17. d4 h5 18. h4 gxh4 19. Nxh4 Rg4 20. Ndf3 Kf8 21. dxe5 dxe5 22. Rad1 Nc6 23. Qa2 cxb6 24. axb6 Be6 25. Bxe6 fxe6 26. Qd2 a5 27. Qd7 Qxd7 28. Rxd7 a4 29. Bxf4 exf4 30. Rxb7 a3 31. Ra1 Rg7 32. Rxg7 Kxg7 33. b7 Ra7 34. Nd4 Nxd4 35. cxd4 Bd6 36. e5 Bb8 37. Nf3 Kg6 38. Nd2 a2 39. Kf1 Kf5 40. Ke2 Ra3 41. Nc4 f3+ 42. gxf3 Ra4 43. Kd3 Kf4 44. Nb6 Rb4 45. Nd7 Rxb7 46. Nxb8 Rxb8 47. Rxa2 Kxf3 48. Ra7 Ra8 49. Rf7+ Kg2 50. Ke2 Rg8 51. Rh7 Rg5 52. Rh6 Kh2 53. Rxe6 h4 54. Rh6 h3 55. e6 Rg4 56. Ke3 Rg7 57. d5 Re7 58. Kf3 1-0

[Event "EU-chT Seniors 10th"]
[Site "Dresden"]
[Date "2008.02.11"]
[Round "1.2"]
[White "Pribyl, Josef"]
[Black "Goldberg, Valerij"]
[Result "1-0"]
[WhiteElo "2367"]
[BlackElo "2106"]
[PlyCount "107"]
[EventDate "2008.02.11"]
[EventType "team-swiss"]
[EventRounds "9"]
[EventCountry "GER"]
[SourceTitle "CBM 122 Extra"]
[Source "ChessBase"]
[SourceDate "2008.03.04"]
[SourceVersion "1"]
[SourceVersionDate "2008.03.04"]
[SourceQuality "1"]
[WhiteTeam "Czech Republic"]
[BlackTeam "Dresden Lokomotiv"]
[WhiteTeamCountry "CZE"]
[BlackTeamCountry "GER"]

1. d4 Nf6 2. Nf3 d5 3. g3 g6 4. Bg2 b6 5. c4 Bb7 6. cxd5 Bg7 7. Nc3 Nxd5 8. Nxd5 Bxd5 9. 0-0 0-0 10. Qc2 Nd7 11. e4 Bb7 12. Bf4 Rc8 13. Rfd1 Qe8 14. Rac1 c5 15. d5 Nf6 16. Bh3 Ra8 17. Be5 Bc8 18. Bg2 Bd7 19. Ne1 Nh5 20. Bxg7 Nxg7 21. Qd2 Qb8 22. Qh6 Qe5 23. Nd3 Qh5 24. Qf4 Qg4 25. Qe5 Rfe8 26. Nf4 Bb5 27. Bh3 f6 28. Qc7 Qg5 29. b3 Qe5 30. Qxe5 fxe5 31. Ng2 Rad8 32. Ne3 h5 33. Bf1 Bxf1 34. Kxf1 Kf7 35. Nc4 Kf6 36. Rc3 Ne6 37. Rf3+ Kg7 38. Nxe5 Ng5 39. Re3 Nf7 40. Nxf7 Kxf7 41. e5 Kg7 42. h4 Rf8 43. Ke2 Rf5 44. f4 Rd7 45. Kf3 Rf8 46. Ke4 Rf5 47. Red3 Rf8 48. Rg1 Rdd8 49. g4 hxg4 50. Rxg4 Kh7 51. h5 Rg8 52. Rh3 Rg7 53. hxg6+ Kg8 54. f5 1-0

[Event "EU-chT Seniors 08th"]
[Site "Dresden"]
[Date "2006.02.22"]
[Round "6"]
[White "Goldberg, Valerij"]
[Black "Ofstad, Per"]
[Result "1/2-1/2"]
[WhiteElo "2054"]
[BlackElo "2173"]
[PlyCount "50"]
[EventDate "2006.02.17"]
[EventType "team-swiss"]
[EventRounds "8"]
[EventCountry "GER"]
[SourceTitle "CBM 111 Extra"]
[Source "ChessBase"]
[SourceDate "2006.05.09"]
[SourceVersion "1"]
[SourceVersionDate "2006.05.09"]
[SourceQuality "1"]
[WhiteTeam "Dresden Lokomotiv"]
[BlackTeam "Norway"]
[WhiteTeamCountry "GER"]
[BlackTeamCountry "NOR"]

1. e4 c6 2. d4 d5 3. e5 Bf5 4. h4 h5 5. c4 dxc4 6. Bxc4 e6 7. Bg5 Qb6 8. Bb3 Ne7 9. Ne2 Nd5 10. 0-0 Nd7 11. Nd2 f6 12. Nc4 Qa6 13. Bf4 0-0-0 14. Qd2 Bb4 15. Nd6+ Bxd6 16. exd6 N7b6 17. Bg3 Qd3 18. Rfd1 Qxd2 19. Rxd2 Kd7 20. Nf4 Nc8 21. Re1 Nxd6 22. Rde2 Rde8 23. f3 Nb5 24. Rd2 Nbc7 25. Kf2 Nxf4 1/2-1/2

[Event "EU-chT Seniors 08th"]
[Site "Dresden"]
[Date "2006.02.19"]
[Round "3"]
[White "Neese, Hans Joachim"]
[Black "Goldberg, Valerij"]
[Result "1/2-1/2"]
[WhiteElo "2244"]
[BlackElo "2054"]
[PlyCount "138"]
[EventDate "2006.02.17"]
[EventType "team-swiss"]
[EventRounds "8"]
[EventCountry "GER"]
[SourceTitle "CBM 111 Extra"]
[Source "ChessBase"]
[SourceDate "2006.05.09"]
[SourceVersion "1"]
[SourceVersionDate "2006.05.09"]
[SourceQuality "1"]
[WhiteTeam "Katernberg"]
[BlackTeam "Dresden Lokomotiv"]
[WhiteTeamCountry "GER"]
[BlackTeamCountry "GER"]

1. d4 Nf6 2. Nf3 g6 3. c4 Bg7 4. Nc3 0-0 5. Bg5 h6 6. Bh4 c6 7. e3 d6 8. Bd3 Nbd7 9. Rc1 Re8 10. 0-0 Qc7 11. h3 e5 12. Qc2 Nf8 13. Bg3 Nh5 14. Bh2 f5 15. c5 Qf7 16. dxe5 dxe5 17. Nd2 Be6 18. Ne2 Kh7 19. f3 Bf6 20. Nc4 Bxc4 21. Bxc4 Qe7 22. g4 Ng7 23. Ng3 f4 24. Ne4 fxe3 25. Rfe1 Bg5 26. Nxg5+ Qxg5 27. Qe4 Nd7 28. h4 Qf6 29. Bd3 h5 30. Bg3 Qf7 31. Qxe3 Nf6 32. Qg5 hxg4 33. fxg4 e4 34. Bc4 Ne6 35. Qe5 Qe7 36. Be2 Nd7 37. Qd6 Nf6 38. Qxe7+ Rxe7 39. Bd6 Ree8 40. Rf1 Nd4 41. Rce1 Nxe2+ 42. Rxe2 Kg7 43. g5 Nd5 44. Ref2 e3 45. Rf7+ Kg8 46. Rxb7 e2 47. Re1 Re4 48. Kf2 Rae8 49. Rb8 Rxb8 50. Bxb8 Rxh4 51. Rxe2 Kf7 52. Kg3 Ra4 53. a3 a6 54. Bd6 Rd4 55. Rf2+ Ke6 56. Re2+ Kf7 57. Rf2+ Ke6 58. Rf3 a5 59. b3 a4 60. bxa4 Rxa4 61. Rb3 Kf5 62. Kf3 Kxg5 63. Ke2 Kf5 64. Kd2 g5 65. Kc2 g4 66. Kb2 Re4 67. Rg3 Ne3 68. Kb3 Nc4 69. Bc7 Ne5 1/2-1/2

[Event "EU-chT Seniors 08th"]
[Site "Dresden"]
[Date "2006.02.18"]
[Round "2"]
[White "Goldberg, Valerij"]
[Black "Schroeter, Helmut"]
[Result "1-0"]
[WhiteElo "2054"]
[BlackElo "2033"]
[PlyCount "59"]
[EventDate "2006.02.17"]
[EventType "team-swiss"]
[EventRounds "8"]
[EventCountry "GER"]
[SourceTitle "CBM 111 Extra"]
[Source "ChessBase"]
[SourceDate "2006.05.09"]
[SourceVersion "1"]
[SourceVersionDate "2006.05.09"]
[SourceQuality "1"]
[WhiteTeam "Dresden Lokomotiv"]
[BlackTeam "Sachsen"]
[WhiteTeamCountry "GER"]
[BlackTeamCountry "GER"]

1. e4 e5 2. Bc4 Nf6 3. d3 Nc6 4. c3 Be7 5. Nf3 0-0 6. b4 d5 7. exd5 Nxd5 8. 0-0 Bg4 9. Re1 Bf6 10. h3 Bh5 11. g4 Bg6 12. Qb3 Ndxb4 13. Ba3 Nxd3 14. Bxd3 Qxd3 15. Re3 Qd7 16. Bxf8 Rxf8 17. Nbd2 h5 18. Qa4 b5 19. Qxb5 hxg4 20. hxg4 Qxg4+ 21. Kf1 Qe6 22. Rae1 Rb8 23. Qc5 Rb2 24. a4 Bh5 25. Qc4 Qd7 26. Rd3 Qh3+ 27. Kg1 Na5 28. Qe4 Bg6 29. Qa8+ Kh7 30. Ng5+ 1-0